000 00483nam a2200181Ia 4500
005 20250317123501.0
008 008 250317s9999 xx 000 0 eng d
037 _aTextbook
040 _aFMSL
_beng
_cFMSL
041 _aeng
_2eng
084 _aB2893P L2
_qFMSL
100 _aDano S
_9735542
245 0 _aLinear programming in industry
260 _aNY
_bNY, Springer
_c1972
300 _a120p
942 _cTB
_hB2893P L2
999 _c1251449
_d1251449